000 00689nam a2200193 i 4500
001 123616
003 ES-MaACL
005 20250907063105.0
007 t|
008 070214s1903 sp r ||||1| spa d
100 1 _aRahola y Trémols, Federico,
_d1858-1919
_995016
245 1 0 _aMemoria leída en la Junta General de 25 enero 1903 /
_cFederico Rahola.
260 _aBarcelona :
_bCasanovas,
_c1903.
500 _aPrecede al tít.: Fomento del Trabajo Nacional (Barcelona)
610 2 4 _aFomento del Trabajo Nacional (Cataluña)-
_vMemorias.
_9158382
710 2 0 _aFomento del Trabajo Nacional (Cataluña)
_94136
852 _aES-MaACL
_jT-1024-F-14
999 _c123616
_d123616